Catálogo
 En Linea

Ampliamos e innovamos nuestra oferta formativa / (Registro nro. 58107)

Detalles MARC
000 -CABECERA
campo de control de longitud fija 01629nab a2200265 a 4500
005 - FECHA Y HORA DE LA ÚLTIMA TRANSACCIÓN
campo de control 20250513114214.0
007 - CAMPO FIJO DE DESCRIPCIÓN FÍSICA--INFORMACIÓN GENERAL
campo de control de longitud fija ta
008 - DATOS DE LONGITUD FIJA--INFORMACIÓN GENERAL
campo de control de longitud fija 250210e2017 dr f||p|r||||||0| | spa d
022 ## - NÚMERO INTERNACIONAL NORMALIZADO PARA PUBLICACIONES SERIADAS
Número Internacional Normalizado para Publicaciones Seriadas 2221-9765
040 ## - FUENTE DE LA CATALOGACIÓN
Centro catalogador/agencia de origen DO-SdBNP
Centro/agencia transcriptor DO-SdBNP
Normas de descripción rda
041 ## - CÓDIGO DE LENGUA
Código de lengua original spa
100 ## - ENTRADA PRINCIPAL--NOMBRE DE PERSONA
Nombre de persona Ovalles, Rafael
9 (RLIN) 86952
Término indicativo de función/relación autor
245 ## - MENCIÓN DE TÍTULO
Título Ampliamos e innovamos nuestra oferta formativa /
Mención de responsabilidad, etc. Rafael Ovalles.
264 ## - PRODUCCIÓN, PUBLICACIÓN, DISTRIBUCIÓN, FABRICACIÓN Y COPYRIGHT
Producción, publicación, distribución, fabricación y copyright Santo Domingo, República Dominicana :
Nombre del de productor, editor, distribuidor, fabricante Instituto de Formación Técnico Profesional (INFOTEP),
Fecha de producción, publicación, distribución, fabricación o copyright 2017.
300 ## - DESCRIPCIÓN FÍSICA
Extensión página, 5 :
Otras características físicas ilustraciones, fotografías ;
Dimensiones 30.5 cm.
310 ## - PERIODICIDAD ACTUAL
Periodicidad actual Semestral.
336 ## - TIPO DE CONTENIDO
Término de tipo de contenido texto
Código de tipo de contenido txt
Fuente rdacontent
337 ## - TIPO DE MEDIO
Nombre/término del tipo de medio sin mediación
Código del tipo de medio n
Fuente rdamedia
338 ## - TIPO DE SOPORTE
Nombre/término del tipo de soporte volumen
Código del tipo de soporte nc
Fuente rdacarrier
362 ## - FECHAS DE PUBLICACIÓN Y/O DESIGNACIÓN SECUENCIAL
Fecha de publicación y/o designación secuencial Edición 1, 2017.
521 ## - NOTA DE PÚBLICO DESTINATARIO
Nota de público destinatario Tal como nos propusimos a principio de año, hemos logrado grandes avances en el fortalecimiento de los ejes estratégicos de nuestra institución relacionados con la modernización y ampliación de la infraestructura física y la renovación de la oferta para el desarrollo de la formación técnica en el país. Con la inauguración del edificio administrativo de la Gerencia Norte, en Santiago, y del edificio de aulas y talleres en la Gerencia Regional Central, en Santo Domingo, se hace realidad una parte importante de los proyectos concebidos por esta dirección general para llevar al INFOTEP hacia la renovación definitiva.
650 #0 - PUNTO DE ACCESO ADICIONAL DE MATERIA--TÉRMINO DE MATERIA
Término de materia o nombre geográfico como elemento de entrada Innovaciones educativas
Subdivisión de forma Publicaciones periódicas
Subdivisión geográfica República Dominicana
9 (RLIN) 17115
773 0# - ENLACE AL DOCUMENTO FUENTE/ENTRADA DE REGISTRO ANFITRIÓN
Número bibliográfico anfitrión 58106
Número de ítem anfitrión 320529
Encabezamiento principal INFOTEP (Agencia)
Otro identificador del documento 2025-0866
Título Revista Integración Tecnológica /
Número Internacional Normalizado para Publicaciones Seriadas 2221-9765
942 ## - ELEMENTOS DE PUNTO DE ACCESO ADICIONAL (KOHA)
Fuente del sistema de clasificación o colocación Dewey Decimal Classification
Tipo de ítem Koha Publicación periódica

No hay ítems disponibles.

Con tecnología Koha